1583 1039 1092 1046 1560 1577 1691 1806 1045 1168 1077 1875 1200 1168 1083 1708 1007 1310 1423 1645 1332 1429 1803 1409 1477 1703 1075 1598 1064 1458 1711 1815 1913 1820 1482 1319 1685 1837 1984 1335 1824 1015 1616 1174 1380 1829 1798 1810 1769 1046 1093 1064 1114 1265 1147 1559 1639 1871 1187 1936 1677 1659 1408 1185 1098 1427 1597 1969 1393 1810 1835 1513 1943 1729 1428 1698 1429 1580 1825 1013 1998 1113 1933 1307 1316 1868 1485 1625 1763 1557 1018 1296 1611 1284 1643 1358 1738 1235 1554 BCNSPRNW ULIB Ver.6.0+V

เปลี่ยนเป็นภาษาไทย

Change to English
 แสดงรายละเอียดบรรณานุกรม
  กลับหน้าหลัก

Brief Record : Get Marc (ISO 2709) : E-mail record : QR code < ปิดหน้าต่าง
LEADER : 00000nam 2200000uu 4500
001    13399113396
003     ULIB
008    111110s2552||||th 000 0 tha d
020    9789746607964
060 04 QZ4^bล461พ
245 00 พยาธิสรีรวิทยาทางการพยาบาล /^cโดย ลิวรรณ อุนนาภิรักษ์ ...[และคนอื่น ๆ]
250    พิมพ์ครั้งที่ 8
260    [กรุงเทพฯ] :^bภาควิชาการพยาบาลรากฐาน คณะพยาบาลศาสตร์มหาวิทยาลัยมหิดล,^c2552
300    [4], 471 หน้า :^bภาพประกอบ ;^c26 ซม.
650  7 การพยาบาล
650  7 เซลล์วิทยา
650  7 พยาธิวิทยา
650  7 สรีรวิทยา
700 0  ลิวรรณ อุนนาภิรักษ์
710 2  มหาวิทยาลัยมหิดล. ^bคณะพยาบาลศาสตร์.^bภาควิชาการพยาบาลรากฐาน
945    ^p0^l0^i16127
945    ^p0^l0^i16695
945    ^p0^l0^i17895
945    ^p0^l0^i17923
995    กัณชพร
999    ^aใช้งานได้ทุกระบบ
รายการนี้ยังไม่มีแท็ก
คุณยังไม่ได้ล็อกอิน คุณสามารถมีกิจกรรมร่วมกับเว็บไซต์ได้ แต่ต้องล็อกอินก่อน ::
  ล็อกอิน

รายการสื่อสารสนเทศ

ลำดับที่ ประเภท เลขเรียก/บาร์โค้ด สถานที่ สถานะ
- ไม่พบข้อมูล -

รายการใกล้เคียง
    หัวเรื่อง [การพยาบาล]
    หัวเรื่อง [เซลล์วิทยา]
    หัวเรื่อง [พยาธิวิทยา]
    หัวเรื่อง [สรีรวิทยา]

BibComment


ยังไม่เคยถูกคอมเมนท์

คอมเมนท์ทรัพยากรรายการนี้
  คอมเมนท์: พยาธิสรีรวิทยาทาง..


 Copyright 2026. Bcnsprnw @Library